| 000 | 01317nam a22003137a 4500 | ||
|---|---|---|---|
| 005 | 20110802140845.0 | ||
| 008 | 110802t xxu||||| |||| 00| 0 eng d | ||
| 010 | _aENG-103192 | ||
| 020 |
_a9780071331869 _c425.00 |
||
| 020 |
_a0071331867 _c425.00 |
||
| 035 | _aEN-86725 | ||
| 037 | _bDBAD / PUB | ||
| 040 |
_adpl _bEnglish |
||
| 082 | _a338.76292220952 | ||
| 100 |
_929868 _aLiker, Jeffrey K. |
||
| 245 |
_aToyota under fire : _cby Jeffrey K. Liker [and] Timothy N. Ogden _blessons for turning crisis into opportunity / |
||
| 260 |
_aNew Delhi _bTata McGraw Hill _c2011 |
||
| 270 |
_a7, West Patel Nagar _bNew Delhi _e110002 |
||
| 300 |
_axxx,241p. _c23cm (Hb) |
||
| 500 | _aIncludes index | ||
| 505 | _aThe most admired company in the world -- The oil crisis and the great recession -- Toyota under fire : the recall crisis -- Response and the road to recovery -- Lessons. | ||
| 650 |
_929869 _aCorporate culture. |
||
| 650 |
_aOrganizational effectiveness. _930832 |
||
| 650 |
_aAutomobile industry and trade. _930833 |
||
| 651 | _91549 | ||
| 700 |
_929871 _aOgden, Timothy N. |
||
| 942 |
_2ddc _cEN _h338.76292220952 _mLIK |
||
| 999 |
_c54691 _d54691 |
||